Loading...
| Literature - American | 0 | 4 | 0 | 0 | 40 | 90 | 124.75 | 0 | 1 | 4.83 | 18.28 |
| Literature - World/Other | 0 | 3 | 1 | 1 | 25 | 121 | 130.33 | 0 | 1 | 1.46 | 9.68 |
| Fine Arts - Classical Music | 0 | 2 | 0 | 0 | 20 | 68 | 82.50 | 0 | 1 | 8.11 | 11.75 |
| Literature - European | 0 | 2 | 0 | 0 | 20 | 110 | 113.00 | 0 | 1 | 3.44 | 11.48 |
| Philosophy | 0 | 2 | 1 | 0 | 15 | 73 | 84.00 | 0 | 0 | 6.04 | 9.64 |
| Religion | 0 | 1 | 0 | 0 | 10 | 114 | 114.00 | 0 | 0 | 1.16 | 6.00 |
| History - European | 0 | 1 | 0 | 1 | 10 | 128 | 128.00 | 0 | 0 | 0.00 | 2.00 |
| Fine Arts - Visual | 0 | 1 | 0 | 0 | 10 | 83 | 83.00 | 0 | 1 | 3.25 | 7.00 |
| Literature - British | 0 | 1 | 0 | 0 | 10 | 131 | 131.00 | 0 | 0 | 0.51 | 4.00 |
| Mythology | 0 | 1 | 0 | 0 | 10 | 147 | 147.00 | 0 | 0 | 0.07 | 4.44 |
| Fine Arts - Other | 0 | 1 | 1 | 0 | 5 | 133 | 133.00 | 0 | 0 | -0.15 | 3.00 |
| Social Science | 0 | 1 | 1 | 1 | 5 | 105 | 105.00 | 0 | 0 | -0.19 | 5.00 |
| Geography/Current Events | 0 | 0 | 1 | 0 | -5 | 0.00 | 0 | 0 | 0.00 | 0.00 | |
| History - Other | 0 | 0 | 1 | 0 | -5 | 0.00 | 0 | 0 | 0.00 | 0.00 | |
| History - American | 0 | 0 | 1 | 0 | -5 | 0.00 | 0 | 0 | 0.00 | 0.00 |